<?xml version="1.0" encoding="UTF-8"?>
<collection xmlns="http://www.loc.gov/MARC21/slim">
 <record>
  <leader>03523pam a22003258a 4500</leader>
  <controlfield tag="001">00031196</controlfield>
  <controlfield tag="005">20171026081025.0</controlfield>
  <controlfield tag="008">130926s2013                  ||||||viesd</controlfield>
  <datafield tag="020" ind1="#" ind2="#">
   <subfield code="c">0</subfield>
  </datafield>
  <datafield tag="041" ind1="0" ind2="#">
   <subfield code="a">vie</subfield>
  </datafield>
  <datafield tag="082" ind1="1" ind2="4">
   <subfield code="b">CH561TR</subfield>
   <subfield code="a">510.7</subfield>
  </datafield>
  <datafield tag="245" ind1="1" ind2="0">
   <subfield code="a">Chương trình giáo dục đại học đào tạo giáo viên trung học phổ thông theo hệ thống tín chỉ cho ngành sư phạm toán học</subfield>
  </datafield>
  <datafield tag="260" ind1="#" ind2="#">
   <subfield code="a">Hà Nội</subfield>
   <subfield code="b">Đại học quốc gia Hà Nội</subfield>
   <subfield code="c">2013</subfield>
  </datafield>
  <datafield tag="300" ind1="#" ind2="#">
   <subfield code="a">283 tr.</subfield>
   <subfield code="c">27 cm.</subfield>
  </datafield>
  <datafield tag="500" ind1="#" ind2="#">
   <subfield code="a">Đầu bìa sách ghi: Bộ Giáo dục và Đào tạo MOET. Ngân hàng phát triển Châu Á ADB . Dự án PT GV THPT&amp;TCCN- Trường Đại học Vinh</subfield>
  </datafield>
  <datafield tag="653" ind1="#" ind2="#">
   <subfield code="a">Chương trình đào tạo</subfield>
  </datafield>
  <datafield tag="653" ind1="#" ind2="#">
   <subfield code="a">Giáo dục đại học</subfield>
  </datafield>
  <datafield tag="653" ind1="#" ind2="#">
   <subfield code="a">Trung học phổ thông</subfield>
  </datafield>
  <datafield tag="653" ind1="#" ind2="#">
   <subfield code="a">Sư phạm toán học</subfield>
  </datafield>
  <datafield tag="852" ind1="#" ind2="#">
   <subfield code="b">Kho giáo trình</subfield>
   <subfield code="j">KGT.0040392, KGT.0038345, KGT.0038346, KGT.0038347, KGT.0038350, KGT.0038351, KGT.0038352, KGT.0038353, KGT.0038354, KGT.0038355, KGT.0038356, KGT.0038357, KGT.0038358, KGT.0038359, KGT.0038360, KGT.0038361, KGT.0038362, KGT.0038363, KGT.0038364, KGT.0038365, KGT.0038366, KGT.0038367, KGT.0038368, KGT.0038369, KGT.0038370, KGT.0038371, KGT.0038372, KGT.0038373, KGT.0038374, KGT.0038375, KGT.0038376, KGT.0038377, KGT.0038378, KGT.0038379, KGT.0038380, KGT.0038381, KGT.0038382, KGT.0038384, KGT.0038385, KGT.0038386, KGT.0038387, KGT.0038388, KGT.0038389, KGT.0038390, KGT.0038391, KGT.0038392, KGT.0038393, KGT.0038394, KGT.0038395, KGT.0038396, KGT.0038397, KGT.0038398, KGT.0038399, KGT.0038400, KGT.0038401, KGT.0038402, KGT.0038403, KGT.0038404, KGT.0038405, KGT.0038406, KGT.0038407, KGT.0038408, KGT.0038409, KGT.0038410, KGT.0038412, KGT.0038413, KGT.0038414, KGT.0038415, KGT.0038416, KGT.0038417, KGT.0038418, KGT.0038419, KGT.0038420, KGT.0038421, KGT.0038422, KGT.0038423, KGT.0038424, KGT.0038425, KGT.0038426, KGT.0038427, KGT.0038428, KGT.0038429, KGT.0038430, KGT.0038431, KGT.0038432, KGT.0038433, KGT.0038434, KGT.0038435, KGT.0038436, KGT.0038437, KGT.0038438, KGT.0038439, KGT.0038440, KGT.0038442, KGT.0038443, KGT.0038444, KGT.0038445, KGT.0038446, KGT.0038447</subfield>
  </datafield>
  <datafield tag="852" ind1="#" ind2="#">
   <subfield code="b">Kho mượn</subfield>
   <subfield code="j">KGT.0040392</subfield>
  </datafield>
  <datafield tag="852" ind1="#" ind2="#">
   <subfield code="j">KD.0014980</subfield>
   <subfield code="j">KGT.0038421</subfield>
   <subfield code="j">KGT.0038422</subfield>
   <subfield code="j">KGT.0038423</subfield>
   <subfield code="j">KGT.0038426</subfield>
   <subfield code="j">KGT.0038428</subfield>
   <subfield code="j">KGT.0038429</subfield>
   <subfield code="j">KGT.0038431</subfield>
   <subfield code="j">KGT.0038432</subfield>
   <subfield code="j">KGT.0038436</subfield>
   <subfield code="j">KGT.0038437</subfield>
   <subfield code="j">KGT.0038439</subfield>
   <subfield code="j">KGT.0038440</subfield>
   <subfield code="j">KGT.0038445</subfield>
   <subfield code="j">KGT.0038447</subfield>
   <subfield code="j">KGT.0038379</subfield>
   <subfield code="j">KGT.0038380</subfield>
   <subfield code="j">KGT.0038382</subfield>
   <subfield code="j">KGT.0038384</subfield>
   <subfield code="j">KGT.0038386</subfield>
   <subfield code="j">KGT.0038387</subfield>
   <subfield code="j">KGT.0038389</subfield>
   <subfield code="j">KGT.0038390</subfield>
   <subfield code="j">KGT.0038392</subfield>
   <subfield code="j">KGT.0038393</subfield>
   <subfield code="j">KGT.0038395</subfield>
   <subfield code="j">KGT.0038396</subfield>
   <subfield code="j">KGT.0038398</subfield>
   <subfield code="j">KGT.0038399</subfield>
   <subfield code="j">KGT.0038401</subfield>
   <subfield code="j">KGT.0038403</subfield>
   <subfield code="j">KGT.0038404</subfield>
   <subfield code="j">KGT.0038406</subfield>
   <subfield code="j">KGT.0038407</subfield>
   <subfield code="j">KGT.0038409</subfield>
   <subfield code="j">KGT.0038410</subfield>
   <subfield code="j">KGT.0038413</subfield>
   <subfield code="j">KGT.0038414</subfield>
   <subfield code="j">KGT.0038416</subfield>
   <subfield code="j">KGT.0038417</subfield>
   <subfield code="j">KGT.0038419</subfield>
   <subfield code="j">KGT.0038373</subfield>
   <subfield code="j">KGT.0038374</subfield>
   <subfield code="j">KGT.0038376</subfield>
   <subfield code="j">KGT.0038377</subfield>
   <subfield code="j">KGT.0038345</subfield>
   <subfield code="j">KGT.0038346</subfield>
   <subfield code="j">KGT.0038371</subfield>
   <subfield code="j">KGT.0038372</subfield>
   <subfield code="j">KGT.0038424</subfield>
   <subfield code="j">KGT.0038425</subfield>
   <subfield code="j">KGT.0038433</subfield>
   <subfield code="j">KGT.0038434</subfield>
   <subfield code="j">KGT.0038443</subfield>
   <subfield code="j">KGT.0038444</subfield>
   <subfield code="j">KGT.0038347</subfield>
   <subfield code="j">KGT.0038370</subfield>
   <subfield code="j">KGT.0038375</subfield>
   <subfield code="j">KGT.0038378</subfield>
   <subfield code="j">KGT.0038381</subfield>
   <subfield code="j">KGT.0038385</subfield>
   <subfield code="j">KGT.0038388</subfield>
   <subfield code="j">KGT.0038391</subfield>
   <subfield code="j">KGT.0038394</subfield>
   <subfield code="j">KGT.0038397</subfield>
   <subfield code="j">KGT.0038400</subfield>
   <subfield code="j">KGT.0038402</subfield>
   <subfield code="j">KGT.0038405</subfield>
   <subfield code="j">KGT.0038408</subfield>
   <subfield code="j">KGT.0038412</subfield>
   <subfield code="j">KGT.0038415</subfield>
   <subfield code="j">KGT.0038418</subfield>
   <subfield code="j">KGT.0038420</subfield>
   <subfield code="j">KGT.0038427</subfield>
   <subfield code="j">KGT.0038430</subfield>
   <subfield code="j">KGT.0038435</subfield>
   <subfield code="j">KGT.0038438</subfield>
   <subfield code="j">KGT.0038442</subfield>
   <subfield code="j">KGT.0038446</subfield>
   <subfield code="j">KGT.0040392</subfield>
  </datafield>
  <datafield tag="852" ind1="#" ind2="#">
   <subfield code="b">Kho đọc</subfield>
   <subfield code="j">KD.0014980</subfield>
  </datafield>
  <datafield tag="910" ind1=" " ind2=" ">
   <subfield code="d">9/2013</subfield>
  </datafield>
  <datafield tag="980" ind1="#" ind2="#">
   <subfield code="a">Trung tâm Học liệu Lê Vũ Hùng, Trường Đại học Đồng Tháp</subfield>
  </datafield>
 </record>
</collection>
